02660nam a2200265Ia 4500008004100000040001800041041001300059100003100072242018100103245014500284246016200429260012000591300010800711500101600819504002201835505004301857506002201900520021501922546004302137650004502180650001802225650005302243650006202296710003602358130821s1607 gw gr mul  aCo-BoUCMbspa0 alataspa1 aGutiérrez, Juandd. 161810aLibros Tercero, Cuarto y Quinto de cuestiones prácticas de derecho civil. Sobre la primera parte de la Nueva Recopilación Real de las Leyes de EspañacJuan Gutierrezyspa10aDn. Ioannis Gutierrez ... Practicarum quaestionum civilium super Prima Parte Legum Novae Collectionis Regiae Hispaniae. Liber III , IV et V.13a[Libros Tercero, Cuarto y Quinto de cuestiones prácticas de derecho civil. Sobre la primera parte de la Nueva Recopilación Real de las Leyes de España] aFráncfort del Meno (Hesse, Alemania)bE collegio Musarum Paltheniano [Colegio Palteniano de las Musas]c1607-1614 a2 tomosen 1 volumen[[8], 338p, [1] hojasen bl, [44] páginas; [1] hojasen bl, [8], 179, [34] páginas aDetalles físicos: Encuadernación flexible en pergamino; piel arrugada y manchada con deteriorada en bordes y esquinas. Incluye dos portadas impresas a una sola tinta, con un grabado con elementos que aparecen en el escudo de la figura femenina (Minerva?), ésta a su vez, sostiene la lanza que empuña un brazo que se observa en la parte inferior. La lanza está llena de elementos mitológicos, las cornucopias (cuernos de la abundancia), el búho de Atenea, las serpientes del caduceo y las alas de Mercurio. Algunas mayúsculas capitales, remates y algunas cenefas, sobre todo al principio. Dedicatoria a Felipe II. Texto muy bien impreso, en dos columnas, sobre papel de regular calidad, con varias manchas de humedad. Muchas abreviaturas. Márgenes amplios. Signaturas. Ejemplar en buen estado de conservación. En la portada firma "Doctor Masústegui" y tres sellos de tinta: "Del Colegio de Ntra. Sra. del Rosario", "El Colegio de Nuestra Señora del Rosario" y "Colegio Mayor del Rosario". aIncluye índice.0 aLibros III, IV y V -- Libros VI y VII. aConsulta en sala. aCiento dos cuestiones con temas de derecho civil sobre la primera parte de la Nueva Recopilación Rea y setenta y tres cuestiones con temas de derecho civil de la segunda parte de la Nueva Recopilación Real. aTexto en latín y castellano antiguo.04aAlegatos (Derecho)zEspañaySiglo XVII04aDerecho civil04aDerecho civilzEspañaxObras anteriores a 170004aDerecho eclesiásticozEspañaxObras anteriores a 17002 aColegio Palteniano de las Musas